| 000 | 00549nam a22001937i 4500 | ||
|---|---|---|---|
| 001 | 303 | ||
| 003 | OSt | ||
| 005 | 20170126082241.0 | ||
| 007 | tu | ||
| 008 | 161220s1985 xxu||||| |||| 00| 0 d | ||
| 024 | 7 |
_a302 _2RID |
|
| 040 | _cOSt | ||
| 084 |
_a11.71 _a11.82 _a11.66 _a3.61 _2z |
||
| 100 | 1 | _aZevin, L.Z. | |
| 242 | 0 | 0 | _aLänder mit verschiedenem Entwicklungsniveau in der Weltwirt |
| 245 | 0 | 0 | _aStrany razlicnogo urovnja razvitija v mirovom chozjajstve:Problemy ekonomiceskich otnosenii |
| 260 |
_aMoskva : _bNauka, _c1985. |
||
| 300 |
_a196 S. ; _c21cm. |
||
| 942 | _cB | ||
| 999 |
_c299 _d299 |
||